000 02067cam a2200277 4500
001 7725
005 20181127184223.0
008 040603s2005 enka b 001 0 eng
010 _a 2004050938
020 _a0415338719 (cloth)
100 _aSjoholm, Fredrik
_b
_c
_d
_eeditor
_q
245 0 0 _aInstitutional change in Southeast Asia /
_cedited by Fredrik Sjoholm and Jose Tongzon.
260 _aLondon ;
_aNew York :
_bRoutledge,
_c2005.
300 _axv, 206 p. :
_bill. ;
_c24 cm.
490 1 _aEuropean Institute of Japanese Studies East Asian economics & business series ;
_v6
500 _aSimultaneously published in the USA and Canada.
504 _aIncludes bibliographical references and index.
505 _aAcknowledgements List of Figures and Tables List of Contributors Abbreviations Introduction 1. Institutional Transition and Transition Cost: A Methodological Consideration 2. Educational Reforms and Challenges in Southeast Asia 3. Technological Governance in ASEAN - Failings in Technology Transfer and Domestic Research 4. Interest Rate Policy and Its Implication on the Banking Restructuring Programs in Indonesia 5. Crisis, Social Sector and Income Distribution in Singapore and Thailand 6. Effects of a Crisis? Institutional Adjustment and Pro- poor Growth in Thailand Pernilla 7. Singapore's Extra- ASEAN Free Trade Agreements and their Implications for ASEAN 8. Prospects for Asian Monetary Cooperation: Pipedream or Possible Reality?
_g
_r
_t
520 _aThis book examines the institutional adjustments in Southeast Asia since the economic crisis in 1997. It focuses on the determinants of the adjustments, implementation of the changes and the various differences between countries in the region.
650 0 _aOrganizational change
_zSoutheast Asia.
651 0 _aSoutheast Asia
_xEconomic conditions.
651 0 _aSoutheast Asia
_xSocial conditions.
700 1 _aSjoholm, Fredrik,
_d1966.
700 1 _aTongzon, Jose L.,
_d1951-
830 0 _aEuropean Institute of Japanese Studies East Asian economics & business series.
999 _c6627
_d6627